Top Level Domains Europa - Statistiken

Allgemein
  • Dieses Quiz wurde 562 mal gespielt
    556 seit der letzten Aktualisierung
  • Das Durchschnittsergebnis liegt bei 25 aus 50
Antwortstatistiken
TLD Land/Gebiet % Korrekt
.at Österreich
89%
.de Deutschland
88%
.cz Tschechien
86%
.be Belgien
85%
.dk Dänemark
84%
.fi Finnland
84%
.fr Frankreich
83%
.it Italien
77%
.pl Polen
77%
.hu Ungarn
77%
.ch Schweiz
74%
.nl Niederlande
73%
.es Spanien
68%
.ee Estland
67%
.no Norwegen
66%
.gr Griechenland
65%
.eu europäische Union
64%
.is Island
62%
.al Albanien
61%
.bg Bulgarien
61%
.lt Litauen
61%
.uk Vereinigtes Königreich
61%
.ro Rumänien
58%
.ad Andorra
57%
.pt Portugal
56%
.lu Luxemburg
54%
.sk Slowakei
54%
.lv Lettland
49%
.hr Kroatien
44%
.va Vatikan
42%
.ua Ukraine
40%
.se Schweden
38%
.ie Irland
33%
.li Liechtenstein
33%
.si Slowenien
32%
.mc Monaco
25%
.mk Nordmazedonien
25%
.rs Serbien
23%
.by Weißrussland
23%
.fo Färöer
21%
.sm San Marino
21%
.mt Malta
20%
.md Moldau
18%
.ba Bosnien
17%
.gi Gibraltar
17%
.me Montenegro
17%
.ax Aland
12%
.im Isle of Man
10%
.je Jersey
8%
.gg Guernsey
7%
Keine übereinstimmenden Quizze gefunden
Verteilung der Resultate
Anzahl Personen mit jedem Resultat
Perzentil nach korrekt beantworteten Fragen
Ihre Resultats-Entwicklung
Sie haben dieses Quiz seit der letzten Aktualisierung nicht gespielt